បែបផែន នៃការធ្វើអាជីវកម្មដំណាំ កៅស៊ូ (Record no. 18)

000 -LEADER
fixed length control field 00445nam a22001457a 4500
003 - CONTROL NUMBER IDENTIFIER
control field OSt
005 - DATE AND TIME OF LATEST TRANSACTION
control field 20150905113458.0
008 - FIXED-LENGTH DATA ELEMENTS--GENERAL INFORMATION
fixed length control field 150905b xxu||||| |||| 00| 0 eng d
040 ## - CATALOGING SOURCE
Transcribing agency RUA
082 ## - DEWEY DECIMAL CLASSIFICATION NUMBER
Classification number AGR អ៊ុក 192 BOO3 Or.1
100 ## - MAIN ENTRY--PERSONAL NAME
9 (RLIN) 18
Personal name អ៊ុក បូរ៉ា
245 ## - TITLE STATEMENT
Title បែបផែន នៃការធ្វើអាជីវកម្មដំណាំ កៅស៊ូ
300 ## - PHYSICAL DESCRIPTION
Extent 100p.
Other physical details ill.
Dimensions 29cm.
942 ## - ADDED ENTRY ELEMENTS (KOHA)
Source of classification or shelving scheme
Koha item type AGR
Holdings
Price effective from Date last seen Permanent Location Not for loan Date acquired Source of classification or shelving scheme Koha item type Lost status Withdrawn status Date last checked out Total Checkouts Shelving location Damaged status Barcode Current Location Full call number
2015-09-052015-09-05Library Block B 2015-09-05 AGR    B003 RUA004535Library Block BAGR អ៊ុក 1992 BOO3 Or.1
2015-09-052015-09-05Library Block B 2015-09-05 AGR    B003 RUA004534Library Block BAGR អ៊ុក 1992 BOO3 Or.2
2015-09-052015-09-05Library Block B 2015-09-05 AGR    B003 RUA004898Library Block BAGR អ៊ុក 1992 BOO3 Or.3
2015-09-052015-09-05Library Block B 2015-09-05 AGR    B003 RUA004606Library Block BAGR អ៊ុក 1992 BOO3 Or.4
2015-09-052015-09-05Library Block B 2015-09-05 AGR    B003 RUA004533Library Block BAGR អ៊ុក 1992 BOO3 Or.5
2015-09-052015-09-05Library Block B 2015-09-05 AGR    B003 RUA004671Library Block BAGR អ៊ុក 1992 BOO3 Or.6
2015-09-052019-07-23Library Block B 2015-09-05 AGR  2019-07-222B003 RUA004670Library Block BAGR អ៊ុក 1992 BOO3 Or.7
មជ្ឈមណ្ឌលឯការនៃសាកលវិទ្យាល័យភូមិន្ទកសិកម្មចំការដូង

Powered by Koha